The capital and rental valuation of hotels in the UK (Record no. 103128)

MARC details
000 -LEADER
fixed length control field 01681cam a2200289 4500
001 - CONTROL NUMBER
control field ##L123925
008 - FIXED-LENGTH DATA ELEMENTS--GENERAL INFORMATION
fixed length control field #DATE n2004 000 0 eng u
020 ## - INTERNATIONAL STANDARD BOOK NUMBER
International Standard Book Number 1842191691
035 ## - SYSTEM CONTROL NUMBER
System control number (Sirsi) u123925
041 0# - LANGUAGE CODE
Language code of text/sound track or separate title eng
050 04 - LIBRARY OF CONGRESS CALL NUMBER
Classification number 333.332 $2 18
110 2# - MAIN ENTRY--CORPORATE NAME
Corporate name or jurisdiction name as entry element Royal Institution of Chartered Surveyors
Subordinate unit Valuation Faculty
9 (RLIN) 4354
245 04 - TITLE STATEMENT
Title The capital and rental valuation of hotels in the UK
260 ## - PUBLICATION, DISTRIBUTION, ETC.
Place of publication, distribution, etc. Coventry
Name of publisher, distributor, etc. RICS
Date of publication, distribution, etc. 2004
300 ## - PHYSICAL DESCRIPTION
Extent v, 12p.
Dimensions 30cm.
350 ## - PRICE (NR) (BK AM CF MU VM SE) [OBSOLETE]
Price 20
490 #0 - SERIES STATEMENT
Series statement RICS Information Paper
490 #0 - SERIES STATEMENT
Series statement RICS Valuation Information Paper
Volume/sequential designation 6
505 2# - FORMATTED CONTENTS NOTE
Formatted contents note Valuations of hotels as fully equipped and operational entities -- Trading potential and personal goodwill -- Licences, consents, certificates and permits -- Valuations for loan security purposes -- Other property -- Confidentiality
520 ## - SUMMARY, ETC.
Summary, etc. Considers the general approach to be adopted for the capital and rental valuation of hotels, and provides comment on selected aspects. This information paper is not intended to be fully comprehensive.
520 ## - SUMMARY, ETC.
Summary, etc. Supersedes "The valuation of hotels: the Royal Institution of Chartered Surveyors response to the Recommended Practice for the Valuation of Hotels issued by the British Association of Hotel Accountants" (M1503).
650 24 - SUBJECT ADDED ENTRY--TOPICAL TERM
Topical term or geographic name entry element RICS appraisal and valuation standards
690 ## - LOCAL SUBJECT ADDED ENTRY--TOPICAL TERM (OCLC, RLIN)
Topical term or geographic name as entry element PROPERTY-COMMERCIAL PROPERTY-LEISURE PROPERTY-HOLIDAY AND GUEST PROPERTY-HOTEL PROPERTY
710 2# - ADDED ENTRY--CORPORATE NAME
Corporate name or jurisdiction name as entry element Royal Institution of Chartered Surveyors
Subordinate unit Trading Related Valuation Group
9 (RLIN) 4457
856 41 - ELECTRONIC LOCATION AND ACCESS
Uniform Resource Identifier <a href="https://www.rics.org/Global/Downloads/6_CapitalRentalValHotelsUK_2004.pdf">https://www.rics.org/Global/Downloads/6_CapitalRentalValHotelsUK_2004.pdf</a>
Public note View the guidance free of charge at www.rics.org/...
942 ## - ADDED ENTRY ELEMENTS (KOHA)
Suppress in OPAC 0
Holdings
Withdrawn status Lost status Source of classification or shelving scheme Damaged status Not for loan Home library Current library Shelving location Date acquired Total Checkouts Full call number Barcode Date last seen Copy number Price effective from Koha item type Date last checked out
    Dewey Decimal Classification     London London RICS Boxes 25/03/2004   RICS 2004/5 30068814 06/08/2019 1 06/08/2019 Reference material  
    Dewey Decimal Classification     London London RICS Boxes 25/03/2004   RICS 2004/5 30068825 06/08/2019 2 06/08/2019 Reference material  
    Dewey Decimal Classification     London London RICS Boxes 25/03/2004 9 RICS 2004/5 30068830 06/08/2019 3 06/08/2019 Book 01/09/2006
    Dewey Decimal Classification     Virtual Virtual Online 25/03/2004   ONLINE PUBLICATION 123925-3001 06/08/2019 1 06/08/2019 Book